Emmy Nominations 2016 Quiz Stats

 Plays Quiz not verified by Sporcle

Challenge
Share
Tweet
Embed
Score 0/109 Timer 20:00
0 Plays Today
Hint Answer % Correct
Outstanding Comedy SeriesBlack-ish
98%
Outstanding Drama SeriesGAME OF THRONES
98%
Outstanding Drama SeriesHouse of Cards
98%
Outstanding Lead Actor in a Drama SeriesKevin Spacey
97.6%
Outstanding Comedy SeriesTransparent
97.1%
Outstanding Comedy SeriesVEEP
97.1%
Outstanding Drama SeriesBetter Call Saul
96.1%
Outstanding Drama SeriesMr. Robot
95.6%
Outstanding Drama SeriesThe Americans
95.1%
Outstanding Comedy SeriesMaster of None
95.1%
Outstanding Drama SeriesDownton Abbey
94.6%
Outstanding Lead Actress in a Drama SeriesRobin Wright
94.6%
Outstanding Lead Actress in a Comedy SeriesAmy Schumer
94.6%
Outstanding Lead Actress in a Comedy SeriesJULIA LOUIS-DREYFUS
94.1%
Outstanding Comedy SeriesSilicon Valley
93.7%
Outstanding Lead Actress in a Drama SeriesViola Davis
93.7%
Outstanding Comedy SeriesModern Family
93.2%
Outstanding Lead Actor in a Miniseries or MovieIdris Elba
92.7%
Outstanding Lead Actor in a Comedy SeriesJEFFREY TAMBOR
92.2%
Outstanding Lead Actor in a Miniseries or MovieBenedict Cumberbatch
92.2%
Outstanding Lead Actor in a Miniseries or MovieCuba Gooding, Jr.
92.2%
Outstanding Drama SeriesHomeland
91.7%
Outstanding Lead Actor in a Drama SeriesBob Odenkirk
91.7%
Outstanding Lead Actress in a Drama SeriesClaire Danes
91.7%
Outstanding Limited SeriesTHE PEOPLE VS. O.J. SIMPSON: AMERICAN CRIME STORY
91.2%
Outstanding Lead Actor in a Comedy SeriesAziz Ansari
91.2%
Outstanding Lead Actor in a Comedy SeriesAnthony Anderson
90.7%
Outstanding Lead Actor in a Comedy SeriesWilliam H. Macy
90.7%
Outstanding Lead Actor in a Drama SeriesRAMI MALEK
90.2%
Outstanding Supporting Actor in a Drama SeriesPeter Dinklage
90.2%
Outstanding Lead Actress in a Comedy SeriesLily Tomlin
89.8%
Outstanding Comedy SeriesUnbreakable Kimmy Schmidt
89.3%
Outstanding Supporting Actor in a Comedy SeriesKeegan-Michael Key
88.8%
Outstanding Lead Actress in a Miniseries or MovieSARAH PAULSON
88.3%
Outstanding Supporting Actress in a Miniseries or MovieSarah Paulson
88.3%
Outstanding Lead Actress in a Comedy SeriesEllie Kemper
87.3%
Outstanding Supporting Actor in a Comedy SeriesLOUIE ANDERSON
87.3%
Hint Answer % Correct
Outstanding Lead Actress in a Drama SeriesTarajii P. Henson
86.8%
Outstanding Lead Actor in a Comedy SeriesWill Forte
86.8%
Outstanding Limited SeriesFargo
86.3%
Outstanding Supporting Actress in a Comedy SeriesAllison Janney
86.3%
Outstanding Lead Actor in a Drama SeriesKyle Chandler
84.9%
Outstanding Lead Actor in a Drama SeriesLiev Schreiber
84.4%
Outstanding Supporting Actress in a Drama SeriesMAGGIE SMITH
84.4%
Outstanding Supporting Actor in a Comedy SeriesTy Burrell
84.4%
Outstanding Supporting Actress in a Comedy SeriesKATE MCKINNON
84.4%
Outstanding Limited SeriesAmerican Crime
83.4%
Outstanding Supporting Actor in a Comedy SeriesTony Hale
83.4%
Outstanding Limited SeriesThe Night Manager
82.9%
Outstanding Lead Actress in a Miniseries or MovieKirsten Dunst
82.9%
Outstanding Supporting Actor in a Miniseries or MovieJohn Travolta
82.9%
Outstanding Lead Actress in a Drama SeriesKeri Russell
82.4%
Outstanding Supporting Actor in a Miniseries or MovieDavid Schwimmer
82.4%
Outstanding Supporting Actress in a Drama SeriesEmilia Clarke
81.5%
Outstanding Lead Actress in a Drama SeriesTATIANA MASLANY
79.5%
Outstanding Supporting Actor in a Comedy SeriesTitus Burgess
79.5%
Outstanding Lead Actor in a Miniseries or MovieTom Hiddleston
79.5%
Outstanding Lead Actor in a Drama SeriesMatthew Rhys
78.5%
Outstanding Lead Actress in a Comedy SeriesTracee Ellis Ross
78%
Outstanding Supporting Actress in a Drama SeriesMaisie Williams
78%
Outstanding Supporting Actor in a Comedy SeriesAndre Braugher
78%
Outstanding Supporting Actress in a Drama SeriesLena Headey
77.1%
Outstanding Lead Actor in a Miniseries or MovieCOURTNEY B. VANCE
75.6%
Outstanding Lead Actress in a Miniseries or MovieKerry Washington
75.6%
Outstanding Supporting Actor in a Drama SeriesKit Harington
75.1%
Outstanding Lead Actor in a Miniseries or MovieBryan Cranston
75.1%
Outstanding Television MovieAll the Way
75.1%
Outstanding Supporting Actor in a Drama SeriesJon Voight
74.1%
Outstanding Supporting Actress in a Comedy SeriesAnna Chlumsky
74.1%
Outstanding Lead Actress in a Miniseries or MovieFelicity Huffman
73.2%
Outstanding Television MovieSHERLOCK
72.7%
Outstanding Supporting Actor in a Drama SeriesJonathan Banks
72.2%
Outstanding Reality Competition ProgramTHE VOICE
70.2%
Outstanding Supporting Actress in a Miniseries or MovieKathy Bates
69.3%
Hint Answer % Correct
Outstanding Television MovieLuther
67.8%
Outstanding Supporting Actor in a Miniseries or MovieHugh Laurie
66.3%
Outstanding Lead Actor in a Comedy SeriesThomas Middleditch
65.4%
Outstanding Supporting Actress in a Miniseries or MovieREGINA KING
64.9%
Outstanding Television MovieConfirmation
64.9%
Outstanding Reality Competition ProgramProject Runway
64.9%
Outstanding Supporting Actor in a Drama SeriesMichael Kelly
63.9%
Outstanding Supporting Actress in a Comedy SeriesNiecy Nash
63.9%
Outstanding Variety SeriesLAST WEEK TONIGHT WITH JOHN OLIVER
62%
Outstanding Supporting Actor in a Drama SeriesBEN MENDELSOHN
61.5%
Outstanding Supporting Actress in a Comedy SeriesJudith Light
61%
Outstanding Variety SeriesJimmy Kimmel Live!
60.5%
Outstanding Supporting Actress in a Drama SeriesConstance Zimmer
60%
Outstanding Reality Competition ProgramTop Chef
60%
Outstanding Variety SeriesThe Late Late Show with James Corden
59.5%
Outstanding Supporting Actress in a Comedy SeriesGaby Hoffmann
59%
Outstanding Supporting Actor in a Miniseries or MovieSTERLING K. BROWN
59%
Outstanding Supporting Actress in a Drama SeriesMaura Tierney
57.6%
Outstanding Supporting Actor in a Miniseries or MovieJesse Plemons
57.6%
Outstanding Reality Competition ProgramThe Amazing Race
57.1%
Outstanding Reality Competition ProgramDancing with the Stars
57.1%
Outstanding Variety SeriesReal Time with Bill Maher
56.6%
Outstanding Lead Actress in a Comedy SeriesLaurie Metcalf
55.1%
Outstanding Limited SeriesRoots
54.6%
Outstanding Variety SeriesComedians in Cars Getting Coffee
54.6%
Outstanding Variety SeriesThe Tonight Show Starring Jimmy Fallon
54.1%
Outstanding Lead Actress in a Miniseries or MovieAudra McDonald
51.7%
Outstanding Supporting Actor in a Comedy SeriesMatt Walsh
51.2%
Outstanding Supporting Actress in a Miniseries or MovieJean Smart
47.8%
Outstanding Supporting Actress in a Miniseries or MovieMelissa Leo
46.3%
Outstanding Supporting Actor in a Miniseries or MovieBokeem Woodbine
44.9%
Outstanding Supporting Actress in a Miniseries or MovieOlivia Colman
44.9%
Outstanding Lead Actress in a Miniseries or MovieLili Taylor
41%
Outstanding Reality Competition ProgramAmerican Ninja Warrior
36.6%
Outstanding Television MovieA Very Murray Christmas
34.1%

You're not logged in!

Compare scores with friends on all Sporcle quizzes.
OR
Log In

You Might Also Like...

Show Comments

Extras

Top Quizzes Today


Score Distribution

Your Account Isn't Verified!

In order to create a playlist on Sporcle, you need to verify the email address you used during registration. Go to your Sporcle Settings to finish the process.

Report this User

Report this user for behavior that violates our Community Guidelines.

Details: